000 00681nam a2200217Ii 4500
003 JO-AjNU
008 230606s9999||||xx |||||||||||||| ||und||
020 _a978-0-07-712280-5 /0-07-712280-1
040 _aJO-AjNU
_beng
_erda
_cJO-AjNU
041 _aeng
050 1 4 _aHF5635.R55 2009
100 3 _aThomas,Andrew / Ward,Anne Marie,
_eauthor
_9415
245 0 0 _aIntroduction to Financial Accounting
250 _a9th ed
264 3 1 _aLondon : Tata McGraw-Hill,2009
300 _a746p
_b Includes appendix indexes(p681-746)
336 _atext
_btxt
_2rdacontent
337 _aunmediated
_bn
_2rdamedia
338 _avolume
_bnc
_2rdacarrier
650 4 _aFinancial Accounting
_9416
999 _aE222
_c222
_d222